000
00283pam a2200121 a 4500
020
_c
041
_a
eng
100
_a
Barbellion,W.N.P.
245
_a
The Journal Of A Disappointed Man
_h
Textual Documents
260
_a
New York
_b
Penguin Books Ltd
300
_a
352p.
930
_a
15178
999
_c
92078
_d
92078